00549nam a22001697a 4500003000500000005001700005008004100022040001300063082000800076100001900084245009800103260002500201300001500226650004700241700003300288856005800321Nust20241030160903.0170216b xxu||||| |||| 00| 0 eng d cNust-MCE a200 aFarooq Arslan  aRehabilitation of Historic Buildings Gulzar Mahal Bahawalpur as a Case Study/ cArslan Farooq aRisalpurbMCEc2014. aXI, 72 p.: aMS-Construction Engineering and Management aSupervisor:Col Dr Naeem Baig u http://10.250.8.41:8080/xmlui/handle/123456789/11823